Datum a čas kvízu
42
Celkem bodů
Celkový počet nahraných bodů na tomto kvízu bez doplňovacích otázek.
1.
Pořadí na kvízu
Konečné umístění týmu na tomto kvízu.
Zaznamenané odpovědi
| # | Otázka | Odpověď | Body | Výsledky |
|---|---|---|---|---|
| 1. | Ministr školství Robert Plaga... | 26. června | 1 | |
| 2. | Minulý týden jsme se dozvěděli... | A | 1 | |
| 3. | Která česká zpěvačka a herečka... | Marta Jandová | 1 | |
| 4. | Jistá firma v pondělí oznámila... | Kit Kat | 1 | |
| 5. | „Všichni už jsou v Mexiku, Bue... | 3:1 | 0 | |
| 6. | Vítězné téma facebookového hla... | 1D 2A 3B 4C | 1 | |
| 7. | Ve Formuli 1 můžeme občas zazn... | A | 1 | |
| 8. | Nejvíce velkých cen, k sezóně... | A | 1 | |
| 9. | Tato stáj působila ve Formuli... | Brawn GP | 1 | |
| 10. | Ve kterém státě se nachází záv... | v Mexiku | 0 |